Home Print Resources E-Books E-Journals IIMT Lecture Series Library Membership Form Book Recommendation Form Campus Tour Take AdmissionAbout Us Contact Us

Text Book of Fluid Mechanics and Hydraulic (Record no. 5548)

000 -LEADER
fixed length control field 00374nam a2200157Ia 4500
003 - CONTROL NUMBER IDENTIFIER
control field OSt
005 - DATE AND TIME OF LATEST TRANSACTION
control field 20240120120300.0
008 - FIXED-LENGTH DATA ELEMENTS--GENERAL INFORMATION
fixed length control field 170524s9999 xx 000 0 und d
020 ## - INTERNATIONAL STANDARD BOOK NUMBER
International Standard Book Number 9786013222950
040 ## - CATALOGING SOURCE
Transcribing agency IIMT UNIVERSITY
100 ## - MAIN ENTRY--PERSONAL NAME
Personal name Bansal
245 #0 - TITLE STATEMENT
Title Text Book of Fluid Mechanics and Hydraulic
260 ## - PUBLICATION, DISTRIBUTION, ETC.
Name of publisher, distributor, etc. Laxmi New Delhi
260 ## - PUBLICATION, DISTRIBUTION, ETC.
Date of publication, distribution, etc. 2008
942 ## - ADDED ENTRY ELEMENTS (KOHA)
Source of classification or shelving scheme
Koha item type Book Bank
Holdings
Withdrawn status Lost status Source of classification or shelving scheme Damaged status Not for loan Home library Current library Date acquired Barcode Date last seen Price effective from Koha item type Public note Total Checkouts
          IIMT University Central Library Meerut IIMT University Central Library Meerut 06/01/2017 01-B-47737 06/01/2017 06/01/2017 Reference Book Engineering Departmental Library books  
          IIMT University Central Library Meerut IIMT University Central Library Meerut 06/01/2017 01-B-47738 06/01/2017 06/01/2017 Book Bank    
          IIMT University Central Library Meerut IIMT University Central Library Meerut 06/01/2017 01-B-47739 06/01/2017 06/01/2017 Book Bank    
          IIMT University Central Library Meerut IIMT University Central Library Meerut 06/01/2017 01-B-47740 06/01/2017 06/01/2017 Book Bank    
          IIMT University Central Library Meerut IIMT University Central Library Meerut 06/01/2017 01-B-47741 06/01/2017 06/01/2017 Book Bank    
          IIMT University Central Library Meerut IIMT University Central Library Meerut 06/01/2017 01-B-47742 06/01/2017 06/01/2017 Book Bank    
          IIMT University Central Library Meerut IIMT University Central Library Meerut 06/01/2017 01-B-47743 06/01/2017 06/01/2017 Book Bank    
          IIMT University Central Library Meerut IIMT University Central Library Meerut 06/01/2017 01-B-47744 06/01/2017 06/01/2017 Book Bank Loan from 127 Library to Central Library  
IIMT, Central Library. All Rights Reserved IIMT,UNIVERSITY © 2023
Implemented and Customised by I CLOUDE EMS
You Are OPAC Visitor No
free web counter

Powered by Koha